<?xml version="1.0" encoding="UTF-8"?>
<record
    xmlns:xsi="http://www.w3.org/2001/XMLSchema-instance"
    xsi:schemaLocation="http://www.loc.gov/MARC21/slim http://www.loc.gov/standards/marcxml/schema/MARC21slim.xsd"
    xmlns="http://www.loc.gov/MARC21/slim">

  <leader>00529nam a22001937a 4500</leader>
  <controlfield tag="005">20250721114019.0</controlfield>
  <controlfield tag="008">211211b           ||||| |||| 00| 0 eng d</controlfield>
  <datafield tag="040" ind1=" " ind2=" ">
    <subfield code="c">AL</subfield>
  </datafield>
  <datafield tag="041" ind1=" " ind2=" ">
    <subfield code="a">eng</subfield>
  </datafield>
  <datafield tag="082" ind1=" " ind2=" ">
    <subfield code="2">23</subfield>
    <subfield code="a">658.001</subfield>
    <subfield code="b">HANB</subfield>
  </datafield>
  <datafield tag="100" ind1=" " ind2=" ">
    <subfield code="a">Hans V B</subfield>
    <subfield code="9">219542</subfield>
  </datafield>
  <datafield tag="245" ind1=" " ind2=" ">
    <subfield code="a">Business Economics</subfield>
  </datafield>
  <datafield tag="260" ind1=" " ind2=" ">
    <subfield code="a">Mangalore</subfield>
    <subfield code="b">United Agencies</subfield>
    <subfield code="c">2021</subfield>
  </datafield>
  <datafield tag="300" ind1=" " ind2=" ">
    <subfield code="a">154 p.</subfield>
    <subfield code="b">PB</subfield>
    <subfield code="c">21x12 cm.</subfield>
  </datafield>
  <datafield tag="365" ind1=" " ind2=" ">
    <subfield code="a">4238</subfield>
    <subfield code="b">&#x20B9;104.00</subfield>
    <subfield code="c">&#x20B9;</subfield>
    <subfield code="d">&#x20B9;130.00</subfield>
    <subfield code="e">20%</subfield>
    <subfield code="f">10-12-2021</subfield>
  </datafield>
  <datafield tag="650" ind1=" " ind2=" ">
    <subfield code="a">NEP I SEM OE</subfield>
    <subfield code="9">11512</subfield>
  </datafield>
  <datafield tag="650" ind1=" " ind2=" ">
    <subfield code="a">Open Elective</subfield>
    <subfield code="9">54823</subfield>
  </datafield>
  <datafield tag="942" ind1=" " ind2=" ">
    <subfield code="2">ddc</subfield>
    <subfield code="c">BK</subfield>
  </datafield>
  <datafield tag="999" ind1=" " ind2=" ">
    <subfield code="c">220925</subfield>
    <subfield code="d">220925</subfield>
  </datafield>
  <datafield tag="952" ind1=" " ind2=" ">
    <subfield code="0">0</subfield>
    <subfield code="1">0</subfield>
    <subfield code="2">ddc</subfield>
    <subfield code="4">0</subfield>
    <subfield code="7">0</subfield>
    <subfield code="8">MAN</subfield>
    <subfield code="a">AL</subfield>
    <subfield code="b">AL</subfield>
    <subfield code="d">2021-12-10</subfield>
    <subfield code="e">Biblios Book Point</subfield>
    <subfield code="g">104.00</subfield>
    <subfield code="l">2</subfield>
    <subfield code="m">1</subfield>
    <subfield code="o">658.001 HANB</subfield>
    <subfield code="p">075170</subfield>
    <subfield code="r">2023-10-13 00:00:00</subfield>
    <subfield code="s">2023-09-27</subfield>
    <subfield code="v">130.00</subfield>
    <subfield code="w">2021-12-11</subfield>
    <subfield code="y">BK</subfield>
  </datafield>
  <datafield tag="952" ind1=" " ind2=" ">
    <subfield code="0">0</subfield>
    <subfield code="1">0</subfield>
    <subfield code="2">ddc</subfield>
    <subfield code="4">0</subfield>
    <subfield code="7">0</subfield>
    <subfield code="8">MAN</subfield>
    <subfield code="a">AL</subfield>
    <subfield code="b">AL</subfield>
    <subfield code="d">2021-12-10</subfield>
    <subfield code="e">Biblios Book Point</subfield>
    <subfield code="g">104.00</subfield>
    <subfield code="l">3</subfield>
    <subfield code="o">658.001 HANB</subfield>
    <subfield code="p">075171</subfield>
    <subfield code="r">2022-11-18 00:00:00</subfield>
    <subfield code="s">2022-11-12</subfield>
    <subfield code="v">130.00</subfield>
    <subfield code="w">2021-12-11</subfield>
    <subfield code="y">BK</subfield>
  </datafield>
  <datafield tag="952" ind1=" " ind2=" ">
    <subfield code="0">0</subfield>
    <subfield code="1">0</subfield>
    <subfield code="2">ddc</subfield>
    <subfield code="4">0</subfield>
    <subfield code="7">0</subfield>
    <subfield code="8">MAN</subfield>
    <subfield code="a">AL</subfield>
    <subfield code="b">AL</subfield>
    <subfield code="d">2021-12-10</subfield>
    <subfield code="e">Biblios Book Point</subfield>
    <subfield code="g">104.00</subfield>
    <subfield code="l">2</subfield>
    <subfield code="o">658.001 HANB</subfield>
    <subfield code="p">075172</subfield>
    <subfield code="r">2022-04-09 00:00:00</subfield>
    <subfield code="s">2022-02-24</subfield>
    <subfield code="v">130.00</subfield>
    <subfield code="w">2021-12-11</subfield>
    <subfield code="y">BK</subfield>
  </datafield>
  <datafield tag="952" ind1=" " ind2=" ">
    <subfield code="0">0</subfield>
    <subfield code="1">0</subfield>
    <subfield code="2">ddc</subfield>
    <subfield code="4">0</subfield>
    <subfield code="7">0</subfield>
    <subfield code="8">MAN</subfield>
    <subfield code="a">AL</subfield>
    <subfield code="b">AL</subfield>
    <subfield code="c">SK</subfield>
    <subfield code="d">2021-12-10</subfield>
    <subfield code="e">Biblios Book Point</subfield>
    <subfield code="g">104.00</subfield>
    <subfield code="l">3</subfield>
    <subfield code="o">658.001 HANB</subfield>
    <subfield code="p">075173</subfield>
    <subfield code="r">2025-01-24 00:00:00</subfield>
    <subfield code="s">2025-01-13</subfield>
    <subfield code="v">130.00</subfield>
    <subfield code="w">2021-12-11</subfield>
    <subfield code="y">BK</subfield>
  </datafield>
  <datafield tag="952" ind1=" " ind2=" ">
    <subfield code="0">0</subfield>
    <subfield code="1">0</subfield>
    <subfield code="2">ddc</subfield>
    <subfield code="4">0</subfield>
    <subfield code="7">0</subfield>
    <subfield code="8">MAN</subfield>
    <subfield code="a">AL</subfield>
    <subfield code="b">AL</subfield>
    <subfield code="d">2021-12-10</subfield>
    <subfield code="e">Biblios Book Point</subfield>
    <subfield code="g">104.00</subfield>
    <subfield code="l">4</subfield>
    <subfield code="o">658.001 HANB</subfield>
    <subfield code="p">075174</subfield>
    <subfield code="r">2024-01-06 00:00:00</subfield>
    <subfield code="s">2023-11-09</subfield>
    <subfield code="v">130.00</subfield>
    <subfield code="w">2021-12-11</subfield>
    <subfield code="y">BK</subfield>
  </datafield>
  <datafield tag="952" ind1=" " ind2=" ">
    <subfield code="0">0</subfield>
    <subfield code="1">0</subfield>
    <subfield code="2">ddc</subfield>
    <subfield code="4">0</subfield>
    <subfield code="7">0</subfield>
    <subfield code="8">MAN</subfield>
    <subfield code="a">AL</subfield>
    <subfield code="b">AL</subfield>
    <subfield code="d">2021-12-10</subfield>
    <subfield code="e">Biblios Book Point</subfield>
    <subfield code="g">104.00</subfield>
    <subfield code="l">1</subfield>
    <subfield code="o">658.001 HANB</subfield>
    <subfield code="p">075175</subfield>
    <subfield code="r">2023-11-27 00:00:00</subfield>
    <subfield code="s">2023-11-20</subfield>
    <subfield code="v">130.00</subfield>
    <subfield code="w">2021-12-11</subfield>
    <subfield code="y">BK</subfield>
  </datafield>
  <datafield tag="952" ind1=" " ind2=" ">
    <subfield code="0">0</subfield>
    <subfield code="1">0</subfield>
    <subfield code="2">ddc</subfield>
    <subfield code="4">0</subfield>
    <subfield code="7">0</subfield>
    <subfield code="8">MAN</subfield>
    <subfield code="a">AL</subfield>
    <subfield code="b">AL</subfield>
    <subfield code="d">2021-12-10</subfield>
    <subfield code="e">Biblios Book Point</subfield>
    <subfield code="g">104.00</subfield>
    <subfield code="l">1</subfield>
    <subfield code="o">658.001 HANB</subfield>
    <subfield code="p">075176</subfield>
    <subfield code="r">2022-02-25 00:00:00</subfield>
    <subfield code="s">2022-02-21</subfield>
    <subfield code="v">130.00</subfield>
    <subfield code="w">2021-12-11</subfield>
    <subfield code="y">BK</subfield>
  </datafield>
</record>
